000 00374nam a2200169Ia 4500
005 20250423100133.0
008 250422s9999 xx 000 0 und d
020 _a0201011158
050 _aHD 38 .D373/
100 _aDavis, Stanley M.
245 0 _aMatrix
260 _aMassachusetts
260 _bAddison- Wesley
260 _c1977
300 _a235 p
942 _cBK
999 _c32394
_d32394